[Event "AUTO-INT-3754"]
[Site "http://www.queenalice.com/game.php?id=1788990"]
[Date "2022.5.15"]
[Round "1"]
[White "newgame"]
[Black "ivancarvalho91"]
[Result "1-0"]
[WhiteElo "1263"]
[BlackElo "1377"]

1. c4 e5 2. Nf3 c6 3. Nxe5 Bc5 4. e3 Nf6 5. Nc3 d5 6. b3 Bf5 7. h3 O-O 8. g3 Re8
9. Nf3 a6 10. Bg2 Nbd7 11. O-O dxc4 12. bxc4 Ne5 13. d4 Nxf3+ 14. Bxf3 Bb4 15.
Bb2 1-0

[Event "AUTO-INT-3754"]
[Site "http://www.queenalice.com/game.php?id=1788991"]
[Date "2022.5.15"]
[Round "1"]
[White "ivancarvalho91"]
[Black "newgame"]
[Result "0-1"]
[WhiteElo "1399"]
[BlackElo "1243"]

1. e4 c5 2. Nf3 d6 3. d4 b6 4. Nc3 Nf6 5. e5 Nfd7 6. a3 g6 7. Bc4 Bg7 8. exd6
O-O 9. Bd5 Bb7 10. Bxb7 Nc6 11. Bxa8 Qxa8 12. dxc5 Re8 13. O-O bxc5 14. dxe7
Nxe7 0-1

[Event "AUTO-INT-3754"]
[Site "http://www.queenalice.com/game.php?id=1789007"]
[Date "2022.5.15"]
[Round "1"]
[White "eloy"]
[Black "ivancarvalho91"]
[Result "1-0"]
[WhiteElo "1626"]
[BlackElo "1462"]

1. e4 e5 2. Nf3 Nc6 3. Bb5 Bc5 4. d3 a6 5. Bxc6 dxc6 6. a3 Bg4 7. h3 Bh5 8. Be3
Bd6 9. Nc3 Nf6 10. g4 Nxg4 11. hxg4 Bxg4 12. Rg1 h5 13. Qe2 Qf6 14. Bg5 Qe6 15.
O-O-O f6 16. Be3 1-0

[Event "AUTO-INT-3754"]
[Site "http://www.queenalice.com/game.php?id=1789008"]
[Date "2022.5.15"]
[Round "1"]
[White "ivancarvalho91"]
[Black "ungern"]
[Result "0-1"]
[WhiteElo "1491"]
[BlackElo "1564"]

1. e4 e5 2. Nf3 Nc6 3. Bc4 d6 4. d4 exd4 5. Nxd4 Nxd4 6. Qxd4 Nf6 7. Nc3 Be6 8.
Bg5 Be7 9. h4 h6 10. Bf4 Ng4 11. f3 Nf6 12. g4 Bxc4 13. Qxc4 Qd7 14. O-O-O O-O
15. g5 hxg5 16. hxg5 Nh7 0-1

[Event "AUTO-INT-3754"]
[Site "http://www.queenalice.com/game.php?id=1789009"]
[Date "2022.5.15"]
[Round "1"]
[White "ungern"]
[Black "ivancarvalho91"]
[Result "1-0"]
[WhiteElo "1577"]
[BlackElo "1478"]

1. e4 e5 2. Nf3 Nc6 3. Nc3 Nf6 4. d3 a6 5. Be2 Bc5 6. Be3 Bxe3 7. fxe3 d6 8. Qd2
h6 9. O-O-O Be6 10. a3 b5 11. d4 O-O 12. d5 Ng4 13. Qe1 Nxe3 14. Rd2 Nxg2 15.
Qg3 Nf4 16. dxc6 1-0

[Event "AUTO-INT-3755"]
[Site "http://www.queenalice.com/game.php?id=1789768"]
[Date "2022.5.28"]
[Round "1"]
[White "Danado"]
[Black "ivancarvalho91"]
[Result "0-1"]
[WhiteElo "1644"]
[BlackElo "1468"]

1. e4 e5 2. Nf3 Nc6 3. Nc3 Nf6 4. Bc4 Bc5 5. Ng5 O-O 6. Bxf7+ Rxf7 7. Nxf7 Kxf7
8. O-O d5 9. exd5 Nxd5 10. Qf3+ Nf4 11. d3 Nd4 12. Qd1 Bh3 13. gxh3 Qg5+ 14. Kh1
Qg2# 0-1

[Event "AUTO-INT-3755"]
[Site "http://www.queenalice.com/game.php?id=1789782"]
[Date "2022.5.28"]
[Round "1"]
[White "eloy"]
[Black "ivancarvalho91"]
[Result "1-0"]
[WhiteElo "1635"]
[BlackElo "1453"]

1. e4 e5 2. Nf3 Nc6 3. Bb5 a6 4. Bxc6 dxc6 5. Nxe5 Qd4 6. Nd3 Qxe4+ 7. Qe2 Qxe2+
8. Kxe2 Bf5 9. Re1 O-O-O 10. Kf1 Bxd3+ 11. cxd3 Bc5 12. Nc3 Nf6 13. Na4 Ba7 14.
b3 Rxd3 15. Nb2 1-0

[Event "AUTO-INT-3755"]
[Site "http://www.queenalice.com/game.php?id=1789783"]
[Date "2022.5.28"]
[Round "1"]
[White "ivancarvalho91"]
[Black "eloy"]
[Result "0-1"]
[WhiteElo "1444"]
[BlackElo "1644"]

1. e4 e5 2. Nf3 Nc6 3. Bc4 f6 4. d4 Bb4+ 5. c3 Ba5 6. a4 d6 7. b4 Nxb4 8. cxb4
Bxb4+ 9. Bd2 a5 10. Bxb4 axb4 11. Qb3 Qe7 12. O-O c5 13. dxc5 Nh6 14. cxd6 Qf8
0-1

[Event "AUTO-INT-3755"]
[Site "http://www.queenalice.com/game.php?id=1789790"]
[Date "2022.5.28"]
[Round "1"]
[White "gitano"]
[Black "ivancarvalho91"]
[Result "1-0"]
[WhiteElo "1682"]
[BlackElo "1432"]

1. e4 e5 2. Qf3 Nc6 3. Bc4 Nf6 4. d3 Nd4 5. Qd1 a5 6. c3 Nc6 7. Bg5 h6 8. Bxf6
Qxf6 9. Na3 Bc5 10. Qe2 d6 11. Nb5 Qd8 12. Qf3 O-O 13. Ne2 Be6 14. Qg3 Bxc4 15.
dxc4 Ne7 16. Rd1 Kh7 17. Qg4 c6 18. Na3 f5 19. exf5 Rxf5 20. O-O Qf8 21. Qg3 g5
22. Nc2 Ng6 23. Ne3 Nf4 24. Rd2 Rf6 25. Ng4 Rf7 26. Nxf4 Rxf4 27. a3 1-0

[Event "AUTO-INT-3759"]
[Site "http://www.queenalice.com/game.php?id=1791550"]
[Date "2022.6.27"]
[Round "1"]
[White "Danado"]
[Black "ivancarvalho91"]
[Result "1-0"]
[WhiteElo "1731"]
[BlackElo "1524"]

1. e4 e5 2. Nf3 Nc6 3. d4 exd4 4. Nxd4 Bc5 5. Be3 Qf6 6. c3 Nxd4 7. cxd4 Bb4+ 8.
Nd2 d6 9. Qa4+ Bd7 10. Qxb4 b6 11. Qc3 Nh6 12. h3 c5 13. Bxh6 Qxh6 14. dxc5 dxc5
15. Qf3 O-O 16. Nc4 Rfe8 17. Bd3 1-0

[Event "AUTO-INT-3759"]
[Site "http://www.queenalice.com/game.php?id=1791551"]
[Date "2022.6.27"]
[Round "1"]
[White "ivancarvalho91"]
[Black "Danado"]
[Result "0-1"]
[WhiteElo "1516"]
[BlackElo "1739"]

1. e4 e5 2. Nf3 d6 3. Bc4 h6 4. d4 Nc6 5. dxe5 dxe5 6. Qxd8+ Nxd8 7. Nxe5 Be6 8.
Bd3 Nf6 9. O-O Bc5 10. Nc3 a6 11. Be3 Bxe3 12. fxe3 Nc6 13. Nxc6 bxc6 14. Na4
O-O 15. Nc5 Bc8 0-1

[Event "AUTO-INT-3759"]
[Site "http://www.queenalice.com/game.php?id=1791568"]
[Date "2022.6.27"]
[Round "1"]
[White "ivancarvalho91"]
[Black "Ruusgugg"]
[Result "0-1"]
[WhiteElo "1412"]
[BlackElo "1483"]

1. e4 e6 2. d4 d5 3. e5 f5 4. exf6 Qxf6 5. Nf3 c5 6. Bg5 Qf7 7. Ne5 Qc7 8. Bb5+
Nc6 9. Qh5+ g6 10. Nxg6 Qf7 11. Nf4 h6 0-1

[Event "AUTO-INT-3759"]
[Site "http://www.queenalice.com/game.php?id=1791569"]
[Date "2022.6.27"]
[Round "1"]
[White "Ruusgugg"]
[Black "ivancarvalho91"]
[Result "1-0"]
[WhiteElo "1469"]
[BlackElo "1426"]

1. b4 e5 2. c3 d5 3. d4 e4 4. Qa4+ Bd7 5. Qa5 Nc6 6. Qa4 Nxd4 7. b5 Nxb5 8. e3
Nxc3 9. Qb3 Nxb1 10. Rxb1 b6 11. f4 Nf6 12. Bb2 Be6 13. Qc3 1-0

[Event "AUTO-INT-3759"]
[Site "http://www.queenalice.com/game.php?id=1791570"]
[Date "2022.6.27"]
[Round "1"]
[White "ivancarvalho91"]
[Black "zmanomega"]
[Result "0-1"]
[WhiteElo "1472"]
[BlackElo "1623"]

1. e4 e5 2. Nf3 d6 3. Bc4 f6 4. Nc3 c6 5. d4 Bg4 6. dxe5 fxe5 7. h3 Bh5 8. Be3
Nf6 9. O-O Bg6 10. Qd3 a6 11. Rad1 Nbd7 12. Ng5 Qc7 13. Ne6 Qb8 14. Nxf8 Rxf8
15. Qxd6 Qxd6 16. Rxd6 O-O-O 17. f3 h5 18. Be6 h4 19. Rfd1 Be8 20. Bb6 g5 0-1

[Event "AUTO-INT-3759"]
[Site "http://www.queenalice.com/game.php?id=1791571"]
[Date "2022.6.27"]
[Round "1"]
[White "zmanomega"]
[Black "ivancarvalho91"]
[Result "1-0"]
[WhiteElo "1612"]
[BlackElo "1483"]

1. d4 d5 2. Nf3 Nf6 3. e3 Bf5 4. Nc3 Nc6 5. Bb5 e6 6. Ne5 Qd6 7. a3 a6 8. Bd3
Bxd3 9. Nxd3 Be7 10. Nc5 b6 11. Nb3 h5 12. Qf3 O-O-O 13. a4 g5 14. e4 dxe4 15.
Nxe4 Nxe4 16. Qxe4 Nxd4 17. Nxd4 Qxd4 18. Qa8+ Kd7 19. Qf3 1-0